| 000 | 00763nam a2200253Ia 4500 | ||
|---|---|---|---|
| 001 | 2978 | ||
| 003 | GE_BSU | ||
| 008 | 181216s||||||||xx |||||||||||||| ||und|| | ||
| 020 | _a5893340124 | ||
| 040 | _cGE_BSU | ||
| 080 | _a338.5(075.8) | ||
| 100 | _aУткин Э.А. | ||
| 245 | _aЦены. Ценообразование. ценовая политика: учебник | ||
| 245 | _cред. М.М. Нецпалова. Ассоциация авторов и издателей "ТАНДЕМ | ||
| 260 | _aМосква | ||
| 260 | _bЭКМОС | ||
| 260 | _c1997 | ||
| 300 | _a224 с. 22 см. | ||
| 541 | _h3л. 65 т. | ||
| 653 | _aценовая политика | ||
| 653 | _aЦенообразование | ||
| 653 | _aЦены | ||
| 942 | _cBK | ||
| 999 |
_c37024 _d37024 |
||